000
00268nam a22001097a 4500
100
_a
Prof. Amir Ali Khan
245
_a
Dictionary of linguistics terms
260
_a
Islamabad:
_b
Muqtadra qaumi zuban
_c
2010
300
_a
257p
563
_a
HB
942
_2
ddc
_c
BK
999
_c
614721
_d
614721